000 00504nam a2200169Ia 4500
008 240729s9999 xx 000 0 und d
022 _a1309-2251
245 0 _aKafkas Universitesi Veteriner Fakültesi Dergisi
260 _aTürkiye
260 _bKafkas University, Faculty of Veterinary Medicine
650 _a Animal culture
650 _a Veterinary medicine
650 _aAgriculture
856 _uhttps://doaj.org/toc/b06331e869ff494ebe05280b4802007f
942 _2ddc
942 _cDOAJEJ
999 _c69231
_d69231
945 _a1
_bMadushi Gamage
_c1
_dMadushi Gamage